000 00577nam a22001937a 4500
003 BD-DhJNU
005 20260101043556.0
008 260101b |||||||| |||| 00| 0 eng d
020 _a9789843409782
040 _aBD-DhJNU
_bENG
_cBD-DhJNU
_dBD-DhJNU
082 _223
_a340.07 CAS
245 _aCases and materials on clinical legal education /
_cedited by Abdullah Al-Faruque
260 _aChittagong :
_bHEQEP ;
_c2016.
300 _a320p. :
_bill. ;
_c22 cm
650 _aLegal education
650 _aLaw
700 _aAl-Faruque, Abdullah
_eeditor
942 _2ddc
_cBK
_n0
999 _c2470
_d2470